| 000 | 00932cam a2200241 a 4500 | ||
|---|---|---|---|
| 001 | 000002083 | ||
| 005 | 20260327123745.0 | ||
| 008 | 841120s1969 fr b 000 0 fre | ||
| 040 |
_aDO-SdBNP _bspa _cBNPHU |
||
| 082 |
_a511.3 _bG872l |
||
| 100 | 1 |
_aGrize, Jean-Blaise, _d1922- _96701 |
|
| 245 | 1 | 0 |
_aLogique moderne / _cJean-Blaise Grize. |
| 260 |
_a[Paris] : _bMouton, _c1969. |
||
| 300 |
_a1 t. ; _c23 cm. |
||
| 490 | 1 |
_aMathématiques et sciences de l'homme ; _vno. 10 |
|
| 490 | 1 |
_aÉcole pratique des hautes études Sorbonne ; _pSixième Section |
|
| 490 | 1 | _aSciences Économiques et Sociales | |
| 504 | _aIncluye referencias bibliográficas. | ||
| 650 | 4 |
_aLógica simbólica matemática _96702 |
|
| 650 | 0 |
_aLógica algebraica _96703 |
|
| 830 | 0 |
_aÉcole pratique des hautes études Sorbonne ; _pSixième Section : Sciences Économiques et Sociales _96704 |
|
| 830 | 0 |
_aMathématiques et sciences de l'homme ; _vno. 10 _96705 |
|
| 999 |
_c1943 _d1943 |
||